<A> munkavállalói részvétel német modellje.
Článok prevzatý z World of Work (dec. 1992) časopisu ILO (Medzinárodná organizácia práce). Skúsenosti zo 40 rokov spoluúčasti pracujúcich na riadení podniku v Nemecku. Úlohy tzv. rady pracujúcich a dozorných komisií podniku. Činnosť odborov. Miesto rád pracujúcich v pracovnom práve, rozšírenie ich p...
Guardado en:
| Autor principal: | |
|---|---|
| Formato: | Capítulo de libro |
| Lenguaje: | húngaro |
| Materias: | |
| Etiquetas: |
Sin Etiquetas, Sea el primero en etiquetar este registro!
|
MARC
| LEADER | 00000naa a2200000 4500 | ||
|---|---|---|---|
| 001 | r012191 | ||
| 005 | 20220826093653.1 | ||
| 041 | 0 | |a hun | |
| 044 | |a HU | ||
| 245 | 1 | 0 | |a <A> munkavállalói részvétel német modellje. |c J. Schregle |
| 520 | |a Článok prevzatý z World of Work (dec. 1992) časopisu ILO (Medzinárodná organizácia práce). Skúsenosti zo 40 rokov spoluúčasti pracujúcich na riadení podniku v Nemecku. Úlohy tzv. rady pracujúcich a dozorných komisií podniku. Činnosť odborov. Miesto rád pracujúcich v pracovnom práve, rozšírenie ich právomocí v r. 1972. Zrovnoprávnenie zamestnancov. Transferabilnosť modelu rozhodovania v nemeckých podnikoch. | ||
| 610 | 2 | 0 | |a účasť na riadení |
| 610 | 2 | 0 | |a Nemecko |
| 610 | 2 | 0 | |a rady pracujúcich |
| 610 | 2 | 0 | |a rady dozorné |
| 610 | 2 | 0 | |a právo pracovné |
| 610 | 2 | 0 | |a modely rozhodovania |
| 610 | 2 | 0 | |a zamestnanci |
| 100 | 1 | |a Schregle, J. | |